000 00661nam a2200241Ia 4500
003 OSt
005 20221005021755.0
006 a|||||r|||| 00| 0
007 ta
008 221004b |||||||| |||| 00| 0 eng d
024 _a78770
037 _cTextual
040 _aCRL
_cCRL
_beng
041 _2eng
_aeng
082 _aS1, H8
100 _aMontessori Maria
245 0 _aDiscovery of the child
_b Revised and enlarged edition of The montessori method
260 _aAdyar
_bKalakshetra India
_c1948
300 _a502p.
_ccm.
650 _aCHILD PSYCHOLOGY
942 _hS1, H8
_cTEXL
_2cc
999 _c928102
_d928102